000 00312nam a2200133Ia 4500
005 20251222143202.0
008 251222s9999||||xx |||||||||||||| ||spa||
020 _a84-8088-844-X
082 _a370.4/C25
100 _aCanals, Agustí
245 0 _aGestión del Conocimiento
264 _bGestión
942 _cLIB
999 _c13113
_d13113